000 00322nam a2200145Ia 4500
005 20251222153551.0
008 251222s9999||||xx |||||||||||||| ||spa||
020 _a8420607274
082 _a940.531.8/V63
100 _aVidal, César
245 0 _aEl Holocausto
250 _a1ra.ed.
264 _bAlianza
942 _cLIB
999 _c30842
_d30842